[Event "Oberliga Baden 1213"]
[Site "Baden"]
[Date "2013.02.03"]
[Round "6.5"]
[White "Villing, Dieter"]
[Black "Sadewasser, Axel"]
[Result "1-0"]
[WhiteElo "2160"]
[BlackElo "2211"]
[PlyCount "59"]
[EventDate "2012.10.14"]
[EventType "team-tourn"]
[EventRounds "9"]
[EventCountry "GER"]
[SourceTitle "EXT 2014"]
[Source "ChessBase"]
[SourceDate "2013.11.20"]
[SourceVersion "1"]
[SourceVersionDate "2013.11.20"]
[SourceQuality "1"]
[WhiteTeam "Ladenburg"]
[BlackTeam "Ettlingen"]
[WhiteTeamCountry "GER"]
[BlackTeamCountry "GER"]

1. d4 Nf6 2. Nc3 d5 3. Bg5 Bf5 4. f3 Nbd7 5. Nxd5 Nxd5 6. e4 h6 7. Bh4 Ne3 8. Qd3 Nxf1 9. exf5 c5 10. Kxf1 Qb6 11. Ne2 Rc8 12. Re1 Qxb2 13. Kf2 b6 14. Rb1 Qxa2 15. Nc3 Qa3 16. Ra1 Qb4 17. Ra4 c4 18. Qe3 Qd6 19. Rxa7 g5 20. Bg3 Qc6 21. Re1 Rh7 22. Ne4 e6 23. Rxd7 Kxd7 24. Nf6+ Kd8 25. Nxh7 Be7 26. fxe6 f5 27. Be5 Qa4 28. Re2 c3 29. Nf6 b5 30. Nd5 1-0

[Event "Oberliga Baden 1213"]
[Site "Baden"]
[Date "2013.01.13"]
[Round "5.5"]
[White "Sadewasser, Axel"]
[Black "Wiechert, Hans"]
[Result "1/2-1/2"]
[WhiteElo "2211"]
[BlackElo "2251"]
[PlyCount "176"]
[EventDate "2012.10.14"]
[EventType "team-tourn"]
[EventRounds "9"]
[EventCountry "GER"]
[SourceTitle "EXT 2014"]
[Source "ChessBase"]
[SourceDate "2013.11.20"]
[SourceVersion "1"]
[SourceVersionDate "2013.11.20"]
[SourceQuality "1"]
[WhiteTeam "Ettlingen"]
[BlackTeam "Kuppenheim"]
[WhiteTeamCountry "GER"]
[BlackTeamCountry "GER"]

1. c4 b6 2. Nc3 Bb7 3. Nf3 c5 4. e4 d6 5. Be2 Nf6 6. d3 e6 7. 0-0 Be7 8. a3 0-0 9. h3 d5 10. exd5 exd5 11. cxd5 Nxd5 12. Nxd5 Qxd5 13. d4 cxd4 14. Qxd4 Bf6 15. Qxd5 Bxd5 16. Nd2 Nc6 17. Bc4 Bxc4 18. Nxc4 Nd4 19. Rb1 Rac8 20. Ne3 Ne2+ 21. Kh1 Rxc1 22. Rfxc1 Nxc1 23. Rxc1 Bxb2 24. Rc7 a5 25. Nc4 Bd4 26. Rb7 Bxf2 27. Nxb6 h5 28. g4 hxg4 29. hxg4 Rd8 30. Nd7 Bd4 31. Kg2 Re8 32. a4 Kh7 33. Rb5 Bc3 34. Kf3 f6 35. Nb6 Re1 36. Nc4 Ra1 37. Nxa5 Rxa4 38. Nc6 Rc4 39. Ne7 g6 40. Nd5 Be5 41. Rb4 Rc5 42. Ne3 Rc1 43. Re4 Kh6 44. Rc4 Rg1 45. Kf2 Rb1 46. Nf1 Kg5 47. Nd2 Rb2 48. Ke3 Bf4+ 49. Rxf4 Rxd2 50. Ra4 Rg2 51. Kf3 Rg1 52. Ra6 Rb1 53. Ra4 Rb3+ 54. Kf2 Rb2+ 55. Kg3 Rb3+ 56. Kf2 Rh3 57. Ra6 Rh4 58. Kf3 Rh1 59. Kg3 Re1 60. Ra5+ Re5 61. Ra3 Rb5 62. Rc3 Rb7 63. Rc5+ Kh6 64. Rc3 Kg7 65. Ra3 Kf7 66. Re3 Rd7 67. Kf3 Re7 68. Ra3 Ke6 69. Ra6+ Kf7 70. Ra3 Rb7 71. Re3 Rb4 72. Kg3 Kg7 73. Ra3 Kh6 74. Rc3 Rb1 75. Ra3 Rg1+ 76. Kf3 Kg5 77. Ra6 f5 78. gxf5 gxf5 79. Kf2 Rb1 80. Ra3 Kg4 81. Rc3 Rb2+ 82. Kf1 f4 83. Ra3 Rb1+ 84. Kf2 Rb2+ 85. Kf1 f3 86. Ra8 Rb5 87. Kf2 Rc5 88. Ra4+ Kf5 1/2-1/2

[Event "Oberliga Baden 1213"]
[Site "Baden"]
[Date "2012.11.25"]
[Round "3.4"]
[White "Jaeggi, Dorian"]
[Black "Sadewasser, Axel"]
[Result "1-0"]
[WhiteElo "2251"]
[BlackElo "2211"]
[PlyCount "81"]
[EventDate "2012.10.14"]
[EventType "team-tourn"]
[EventRounds "9"]
[EventCountry "GER"]
[SourceTitle "EXT 2014"]
[Source "ChessBase"]
[SourceDate "2013.11.20"]
[SourceVersion "1"]
[SourceVersionDate "2013.11.20"]
[SourceQuality "1"]
[WhiteTeam "Brombach"]
[BlackTeam "Ettlingen"]
[WhiteTeamCountry "GER"]
[BlackTeamCountry "GER"]

1. e4 e6 2. d4 d5 3. Nc3 Bb4 4. e5 c5 5. a3 Bxc3+ 6. bxc3 Ne7 7. Qg4 0-0 8. Bd3 f5 9. exf6 Rxf6 10. Bg5 Rf7 11. Qh5 g6 12. Qh4 Nbc6 13. Nf3 c4 14. Be2 Qf8 15. Bxe7 Rxe7 16. 0-0 Bd7 17. Rfe1 Qg7 18. Bf1 Rf8 19. Ne5 Nxe5 20. Rxe5 Ref7 21. f3 h6 22. Rae1 g5 23. Qg3 Rf6 24. Be2 Rc8 25. h4 Rg6 26. hxg5 Rxg5 27. Rxg5 Qxg5 28. Qd6 Rd8 29. f4 Qh4 30. Rf1 Bc8 31. Qe5 Rf8 32. f5 Qf6 33. Qg3+ Qg7 34. Qd6 Rxf5 35. Rxf5 exf5 36. Qd8+ Qf8 37. Qxd5+ Kh7 38. Bxc4 Kg6 39. Kf2 b6 40. Bd3 Kg5 41. g4 1-0

[Event "Oberliga Baden 1112"]
[Site "Germany"]
[Date "2011.12.11"]
[Round "4.7"]
[White "Pfleger, Michael"]
[Black "Sadewasser, Axel"]
[Result "1-0"]
[WhiteElo "2224"]
[BlackElo "2216"]
[PlyCount "127"]
[EventDate "2011.10.02"]
[EventType "team-tourn"]
[EventRounds "9"]
[EventCountry "GER"]
[SourceTitle "EXT 2013"]
[Source "ChessBase"]
[SourceDate "2012.11.22"]
[SourceVersion "1"]
[SourceVersionDate "2012.11.22"]
[SourceQuality "1"]
[WhiteTeam "Bad Mergentheim"]
[BlackTeam "Ettlingen"]
[WhiteTeamCountry "GER"]
[BlackTeamCountry "GER"]

1. c4 Nf6 2. Nc3 e6 3. e4 d5 4. e5 d4 5. Nb5 Nfd7 6. Nf3 c5 7. d3 a6 8. Nd6+ Bxd6 9. exd6 Qb6 10. g3 Qxd6 11. Bg2 0-0 12. 0-0 Nc6 13. Re1 b6 14. Bf4 Qe7 15. Ng5 Bb7 16. Qh5 Nf6 17. Qe2 Rfe8 18. h4 Qd7 19. Bh3 Nd8 20. Kh2 Qc6 21. Be5 Nd7 22. Qh5 h6 23. Ne4 Nxe5 24. Qxe5 Re7 25. Re2 Qc7 26. Qxc7 Rxc7 27. f4 Kf8 28. Rae1 Bxe4 29. Rxe4 Nc6 30. a3 Rb8 31. R4e2 g6 32. Bg2 Ne7 33. g4 Kg7 34. b4 b5 35. cxb5 Rxb5 36. Rc1 a5 37. bxc5 Rbxc5 38. Rxc5 Rxc5 39. a4 Rc3 40. Re5 Rxd3 41. Rxa5 Ra3 42. Ra7 Nd5 43. f5 gxf5 44. gxf5 Kf6 45. fxe6 fxe6 46. Kg1 d3 47. Bxd5 exd5 48. Kf2 Ke5 49. Ke3 d2+ 50. Kxd2 Rh3 51. a5 Rxh4 52. a6 Kd4 53. Rh7 Rh2+ 54. Kc1 Kc3 55. Kb1 Rb2+ 56. Ka1 Rb6 57. Rc7+ Kd3 58. a7 Ra6+ 59. Kb2 d4 60. Kb3 Kd2 61. Rc2+ Ke3 62. Ra2 Rb6+ 63. Kc4 Rc6+ 64. Kb4 1-0

[Event "Oberliga Baden 1112"]
[Site "Germany"]
[Date "2011.11.20"]
[Round "3.6"]
[White "Sandmeier, Toni"]
[Black "Sadewasser, Axel"]
[Result "0-1"]
[WhiteElo "2230"]
[BlackElo "2216"]
[PlyCount "140"]
[EventDate "2011.10.02"]
[EventType "team-tourn"]
[EventRounds "9"]
[EventCountry "GER"]
[SourceTitle "EXT 2013"]
[Source "ChessBase"]
[SourceDate "2012.11.22"]
[SourceVersion "1"]
[SourceVersionDate "2012.11.22"]
[SourceQuality "1"]
[WhiteTeam "Eppingen II"]
[BlackTeam "Ettlingen"]
[WhiteTeamCountry "GER"]
[BlackTeamCountry "GER"]

1. c4 Nf6 2. g3 e6 3. Bg2 d5 4. Nf3 Be7 5. 0-0 0-0 6. b3 c5 7. Bb2 Nc6 8. e3 b6 9. d4 Bb7 10. Qe2 dxc4 11. bxc4 Qc7 12. Rd1 Rfd8 13. Nbd2 Rac8 14. Rac1 Na5 15. Bh3 Ba6 16. Ne5 Nc6 17. Ndf3 Nxe5 18. Nxe5 Bd6 19. f4 Ne4 20. Qf3 Bb7 21. d5 f5 22. g4 exd5 23. cxd5 Bxe5 24. Bxe5 Qf7 25. gxf5 Bxd5 26. Qg4 Nf6 27. Qg5 Bf3 28. Rf1 Ba8 29. Bg2 Rd2 30. Bxa8 Rxa8 31. Rf3 Ne4 32. Qg4 Rad8 33. Rcf1 c4 34. f6 Nxf6 35. Qf5 Qg6+ 36. Qg5 Ne4 37. Qxg6 hxg6 38. f5 gxf5 39. Rxf5 Rd1 40. Bd4 Rxf1+ 41. Rxf1 Rd7 42. Rf4 Ng5 43. Kf1 Ne6 44. Rg4 Nxd4 45. exd4 b5 46. Ke2 Rd5 47. Ke3 Kf7 48. Ke4 Rh5 49. Rg2 a5 50. d5 Rh4+ 51. Ke5 c3 52. Rf2+ Ke8 53. Kd6 Rc4 54. Re2+ Kd8 55. Rf2 Kc8 56. Rc2 b4 57. Ke6 Re4+ 58. Kd6 Rd4 59. Kc6 Rd2 60. Rc1 Rxa2 61. Rf1 Kd8 62. d6 Re2 63. Rf8+ Re8 64. Rf7 c2 65. Rd7+ Kc8 66. Rc7+ Kb8 67. Kb6 b3 68. Re7 Rf8 69. d7 Rf6+ 70. Kxa5 Kc7 0-1

[Event "Verbandsliga Nord Baden 0910"]
[Site "Baden"]
[Date "2011.02.13"]
[Round "6.4"]
[White "Burger, Andreas2222"]
[Black "Sadewasser, Axel"]
[Result "0-1"]
[WhiteElo "1829"]
[BlackElo "2216"]
[PlyCount "50"]
[EventDate "2010.10.17"]
[EventType "team-tourn"]
[EventRounds "9"]
[EventCountry "GER"]
[SourceTitle "EXT 2012"]
[Source "ChessBase"]
[SourceDate "2011.11.24"]
[SourceVersion "1"]
[SourceVersionDate "2011.11.24"]
[SourceQuality "1"]
[WhiteTeam "Untergrombach II"]
[BlackTeam "Ettlingen"]
[WhiteTeamCountry "GER"]
[BlackTeamCountry "GER"]

1. d4 Nf6 2. c4 g6 3. Nc3 Bg7 4. e4 d6 5. Be2 0-0 6. h4 c5 7. d5 e6 8. h5 exd5 9. cxd5 Re8 10. hxg6 fxg6 11. Bg5 Nbd7 12. Qd2 a6 13. a4 c4 14. f3 Ne5 15. Nh3 Bd7 16. Nf2 b5 17. f4 Nf7 18. Bxf6 Qxf6 19. axb5 axb5 20. Rxa8 Rxa8 21. Bg4 Ra1+ 22. Ncd1 Bxg4 23. Nxg4 Qxb2 24. Qxb2 Bxb2 25. Rh3 c3 0-1

[Event "Verbandsliga Nord Baden 0910"]
[Site "Germany"]
[Date "2010.01.31"]
[Round "6.3"]
[White "Roos, Jean Luc"]
[Black "Sadewasser, Axel"]
[Result "0-1"]
[WhiteElo "2253"]
[BlackElo "2216"]
[PlyCount "92"]
[EventDate "2009.10.11"]
[EventType "team-tourn"]
[EventRounds "9"]
[EventCountry "GER"]
[SourceTitle "EXT 2011"]
[Source "ChessBase"]
[SourceDate "2010.11.26"]
[SourceVersion "1"]
[SourceVersionDate "2010.11.26"]
[SourceQuality "1"]
[WhiteTeam "Heidelberg II"]
[BlackTeam "Ettlingen"]
[WhiteTeamCountry "GER"]
[BlackTeamCountry "GER"]

1. e4 e6 2. d4 d5 3. Nd2 Nc6 4. Ngf3 Nf6 5. e5 Nd7 6. Be2 f6 7. exf6 Qxf6 8. Nf1 Bd6 9. Ne3 0-0 10. 0-0 Kh8 11. h3 Qe7 12. b3 Nf6 13. c4 Bd7 14. Bb2 Rad8 15. Ne5 Be8 16. Qc1 dxc4 17. N3xc4 Nd5 18. Bg4 Qf6 19. Nxd6 cxd6 20. Nf3 h5 21. Bxe6 Qxe6 22. Qc4 Qf5 23. Nh4 Qg5 24. g3 Bf7 25. Qb5 Rd7 26. Rae1 Nf4 27. Qxg5 Nxh3+ 28. Kh2 Nxg5 29. f4 Nh7 30. d5 Nb4 31. Nf5 Nf6 32. Ba3 a5 33. Bxb4 axb4 34. Rd1 Bxd5 35. Kg1 Be6 36. Nh4 Bf7 37. Rd4 Rc8 38. Rxb4 Rc2 39. Ra4 Kh7 40. Nf3 Bd5 41. Ng5+ Kg6 42. Rf2 Rdc7 43. Ra5 R7c3 44. Rxc2 Rxc2 45. Kf1 Bc6 46. Ne6 Ne4 0-1

[Event "Verbandsliga Nord Baden 0910"]
[Site "Germany"]
[Date "2009.10.11"]
[Round "1.3"]
[White "Haas, Michael"]
[Black "Sadewasser, Axel"]
[Result "1-0"]
[WhiteElo "2192"]
[BlackElo "2216"]
[PlyCount "43"]
[EventDate "2009.10.11"]
[EventType "team-tourn"]
[EventRounds "9"]
[EventCountry "GER"]
[SourceTitle "EXT 2011"]
[Source "ChessBase"]
[SourceDate "2010.11.26"]
[SourceVersion "1"]
[SourceVersionDate "2010.11.26"]
[SourceQuality "1"]
[WhiteTeam "Walldorf"]
[BlackTeam "Ettlingen"]
[WhiteTeamCountry "GER"]
[BlackTeamCountry "GER"]

1. e4 e6 2. d3 d5 3. Nd2 c5 4. g3 Nc6 5. Bg2 Nf6 6. Ngf3 Bd6 7. 0-0 0-0 8. Re1 Bc7 9. Qe2 b6 10. Nf1 e5 11. exd5 Nxd5 12. Ng5 f5 13. Ne3 Nde7 14. d4 e4 15. dxc5 Ne5 16. Nc4 Qd5 17. Nxe5 Bxe5 18. Nxe4 fxe4 19. Bxe4 Qxc5 20. Be3 Qc7 21. Bxa8 Nc6 22. Qc4+ 1-0

[Event "Verbandsliga Nord Baden 0809"]
[Site "Germany"]
[Date "2008.11.30"]
[Round "4.3"]
[White "Sadewasser, Axel"]
[Black "Haas, Stefan"]
[Result "1/2-1/2"]
[WhiteElo "2216"]
[BlackElo "2226"]
[PlyCount "34"]
[EventDate "2008.09.28"]
[EventType "team"]
[EventRounds "9"]
[EventCountry "GER"]
[SourceTitle "EXT 2010"]
[Source "ChessBase"]
[SourceDate "2010.11.25"]
[SourceVersion "1"]
[SourceVersionDate "2010.11.25"]
[SourceQuality "1"]
[WhiteTeam "Ettlingen"]
[BlackTeam "Karlsruhe II"]
[WhiteTeamCountry "GER"]
[BlackTeamCountry "GER"]

1. c4 f5 2. Nc3 Nf6 3. g3 g6 4. Bg2 Bg7 5. Nf3 0-0 6. 0-0 d6 7. b4 e5 8. d3 Nc6 9. b5 Ne7 10. a4 h6 11. a5 a6 12. Bd2 g5 13. bxa6 Rxa6 14. c5 Kh8 15. cxd6 cxd6 16. Nb5 Nc6 17. Ne1 Be6 1/2-1/2

[Event "Verbandsliga Nord Baden 0708"]
[Site "Germany"]
[Date "2008.01.13"]
[Round "5.3"]
[White "Kiefhaber, Holger"]
[Black "Sadewasser, Axel"]
[Result "1-0"]
[WhiteElo "2276"]
[BlackElo "2216"]
[PlyCount "81"]
[EventDate "2007.10.14"]
[EventType "team"]
[EventRounds "9"]
[EventCountry "GER"]
[SourceTitle "EXT 2009"]
[Source "ChessBase"]
[SourceDate "2008.11.26"]
[SourceVersion "1"]
[SourceVersionDate "2008.11.26"]
[SourceQuality "1"]
[WhiteTeam "Karlsruhe II"]
[BlackTeam "Ettlingen"]
[WhiteTeamCountry "GER"]
[BlackTeamCountry "GER"]

1. e4 e6 2. d4 d5 3. exd5 exd5 4. c4 Bb4+ 5. Nc3 Ne7 6. Nf3 0-0 7. Be2 Nbc6 8. 0-0 Be6 9. a3 Bxc3 10. bxc3 dxc4 11. Ng5 Bd5 12. Qa4 h6 13. Nh3 a6 14. Nf4 b5 15. Qc2 Qd7 16. a4 Be6 17. Nxe6 Qxe6 18. Bf3 Nd5 19. Bd2 Rfe8 20. Rfe1 Qd7 21. Re4 Nce7 22. Rg4 Ng6 23. Bxh6 gxh6 24. Rxg6+ fxg6 25. Qxg6+ Kf8 26. Qxh6+ Qg7 27. Qxg7+ Kxg7 28. Bxd5 Rab8 29. axb5 axb5 30. g4 Red8 31. Be6 Kf6 32. d5 b4 33. cxb4 Rxb4 34. h4 c3 35. Rc1 Rc4 36. g5+ Ke5 37. f4+ Kd4 38. g6 Rb4 39. g7 Rbb8 40. h5 Kd3 41. h6 1-0

[Event "Verbandsliga Nord Baden 0708"]
[Site "Germany"]
[Date "2007.12.16"]
[Round "4.2"]
[White "Schork, Stefan"]
[Black "Sadewasser, Axel"]
[Result "1-0"]
[WhiteElo "2105"]
[BlackElo "2216"]
[PlyCount "75"]
[EventDate "2007.10.14"]
[EventType "team"]
[EventRounds "9"]
[EventCountry "GER"]
[SourceTitle "EXT 2009"]
[Source "ChessBase"]
[SourceDate "2008.11.26"]
[SourceVersion "1"]
[SourceVersionDate "2008.11.26"]
[SourceQuality "1"]
[WhiteTeam "Untergrombach II"]
[BlackTeam "Ettlingen"]
[WhiteTeamCountry "GER"]
[BlackTeamCountry "GER"]

1. e4 e6 2. d4 d5 3. Nc3 Bb4 4. e5 c5 5. Bd2 Ne7 6. Nb5 Bxd2+ 7. Qxd2 0-0 8. dxc5 Nd7 9. Qc3 Nc6 10. f4 f6 11. Nf3 fxe5 12. fxe5 Qe7 13. 0-0-0 Ndxe5 14. Nxe5 Qg5+ 15. Kb1 Qxe5 16. Qxe5 Nxe5 17. Re1 Nc6 18. Bd3 e5 19. Nc7 Rb8 20. Nxd5 Be6 21. Be4 Rbd8 22. Rd1 Kh8 23. Rhf1 g6 24. Rxf8+ Rxf8 25. Ne3 Rf4 26. Bd5 Bf5 27. Rf1 Bxc2+ 28. Kxc2 Nb4+ 29. Kb3 Rxf1 30. Nxf1 Nxd5 31. Kc4 Nc7 32. Ne3 h5 33. Nd5 Ne6 34. b4 Kg7 35. b5 Nd4 36. Nb4 Ne6 37. c6 b6 38. Nd5 1-0

[Event "Verbandsliga Nord Baden 0708"]
[Site "Germany"]
[Date "2007.10.28"]
[Round "2.3"]
[White "Sadewasser, Axel"]
[Black "Roth, Markus"]
[Result "1-0"]
[WhiteElo "2216"]
[BlackElo "2230"]
[PlyCount "81"]
[EventDate "2007.10.14"]
[EventType "team"]
[EventRounds "9"]
[EventCountry "GER"]
[SourceTitle "EXT 2009"]
[Source "ChessBase"]
[SourceDate "2008.11.26"]
[SourceVersion "1"]
[SourceVersionDate "2008.11.26"]
[SourceQuality "1"]
[WhiteTeam "Ettlingen"]
[BlackTeam "Slavija KA"]
[WhiteTeamCountry "GER"]
[BlackTeamCountry "GER"]

1. d4 d5 2. Nf3 Nf6 3. Bf4 c5 4. e3 Nc6 5. c3 Qb6 6. Qc2 Bf5 7. Qc1 cxd4 8. Nxd4 Nxd4 9. exd4 e6 10. Nd2 Bd6 11. Bxd6 Qxd6 12. Bb5+ Ke7 13. 0-0 Rhc8 14. Nf3 a6 15. Be2 b5 16. a3 Rab8 17. Ne5 Kf8 18. g4 Be4 19. Qf4 Qe7 20. Nc6 Rxc6 21. Qxb8+ Ne8 22. Qf4 f6 23. f3 Bg6 24. Rfe1 Kg8 25. Bf1 Nd6 26. Re3 h5 27. Rae1 Nf7 28. gxh5 Bxh5 29. Bd3 Ng5 30. Qg3 e5 31. f4 exf4 32. Rxe7 fxg3 33. R1e3 gxh2+ 34. Kxh2 f5 35. Rg3 Nf3+ 36. Kh1 Bg4 37. Kg2 Rh6 38. Rxf3 Bxf3+ 39. Kxf3 Rh3+ 40. Ke2 f4 41. Bg6 1-0

[Event "Verbandsliga Nord Baden 0607"]
[Site "Germany"]
[Date "2006.12.17"]
[Round "4.3"]
[White "Sadewasser, Axel"]
[Black "Belica, Matej"]
[Result "1-0"]
[WhiteElo "2216"]
[BlackElo "2085"]
[PlyCount "35"]
[EventDate "2006.10.22"]
[EventType "team"]
[EventRounds "9"]
[EventCountry "GER"]
[SourceTitle "EXT 2008"]
[Source "ChessBase"]
[SourceDate "2007.11.25"]
[SourceVersion "1"]
[SourceVersionDate "2007.11.25"]
[SourceQuality "1"]
[WhiteTeam "Ettlingen"]
[BlackTeam "Lindenhof"]
[WhiteTeamCountry "GER"]
[BlackTeamCountry "GER"]

1. d4 Nf6 2. Bg5 Ne4 3. Bf4 c5 4. f3 Qa5+ 5. c3 Nf6 6. Nd2 cxd4 7. Nb3 Qb6 8. Qxd4 Nc6 9. Qxb6 axb6 10. e4 d5 11. Be3 e5 12. Bxb6 dxe4 13. Bb5 Be6 14. Na5 Bd5 15. 0-0-0 exf3 16. Nxf3 Bc5 17. Nxc6 bxc6 18. Rxd5 1-0

[Event "BL2-Nord 0304"]
[Site "Germany"]
[Date "2004.??.??"]
[Round "?.5"]
[White "Pedersen, Steffen"]
[Black "Sadewasser, Axel"]
[Result "1-0"]
[WhiteElo "2415"]
[BlackElo "2235"]
[PlyCount "117"]
[EventDate "2003.10.??"]
[EventType "team-tourn"]
[EventRounds "9"]
[EventCountry "GER"]
[SourceTitle "CBM 100 Extra"]
[Source "ChessBase"]
[SourceDate "2004.07.06"]
[SourceVersion "2"]
[SourceVersionDate "2004.07.06"]
[SourceQuality "1"]
[WhiteTeam "Preetz"]
[BlackTeam "Hannover Post"]
[WhiteTeamCountry "GER"]
[BlackTeamCountry "GER"]

1. e4 e6 2. d4 d5 3. Nc3 Bb4 4. Bd3 Ne7 5. Nge2 c5 6. exd5 Nxd5 7. dxc5 Nd7 8. 0-0 0-0 9. Nxd5 exd5 10. Nf4 Nf6 11. Be3 Qc7 12. Nh5 Ng4 13. Bf4 Qe7 14. Bd6 Qh4 15. h3 Qxh5 16. Bxf8 Kxf8 17. Be2 Nxf2 18. Bxh5 Nxd1 19. Raxd1 Bxc5+ 20. Kh1 Be6 21. Bg4 Ke7 22. Bf3 d4 23. a3 a5 24. b4 axb4 25. axb4 Bxb4 26. Rxd4 Bc5 27. Rh4 Ra2 28. Rxh7 Rxc2 29. Bxb7 Bd4 30. Rh4 Be5 31. Ra4 g5 32. Be4 Rd2 33. Ra7+ Ke8 34. Bc6+ Kf8 35. Bf3 Bf4 36. Rd1 Rb2 37. Rb7 Ra2 38. Rbb1 Bf5 39. Rb7 Be6 40. Rbb1 Bf5 41. Ra1 Rb2 42. Rd5 Be6 43. Rda5 Bd2 44. Ra8+ Kg7 45. R8a7 Bf4 46. R7a4 Be5 47. Ra5 Bf4 48. Bd5 Bd2 49. R5a2 Bxd5 50. Rxb2 Bc3 51. Rd1 Bxb2 52. Rxd5 Kg6 53. g4 Bc1 54. Kg2 Be3 55. Kf3 Bc1 56. Ke4 Bb2 57. Rd6+ Kg7 58. Kf5 Bc1 59. Rd3 1-0

[Event "Oberliga Nord W 0203"]
[Site "Germany"]
[Date "2003.03.09"]
[Round "8.4"]
[White "Sadewasser, Axel"]
[Black "Lange, Helmut"]
[Result "1/2-1/2"]
[WhiteElo "2230"]
[BlackElo "2174"]
[PlyCount "28"]
[EventDate "2002.10.20"]
[EventType "team"]
[EventRounds "9"]
[EventCountry "GER"]
[SourceTitle "EXT 2004"]
[Source "ChessBase"]
[SourceDate "2003.11.25"]
[SourceVersion "1"]
[SourceVersionDate "2003.11.25"]
[SourceQuality "1"]
[WhiteTeam "Hannover Post"]
[BlackTeam "Bremen Nord"]
[WhiteTeamCountry "GER"]
[BlackTeamCountry "GER"]

1. d4 d5 2. Nf3 Nf6 3. c4 e6 4. Nc3 Be7 5. Bf4 0-0 6. e3 c6 7. Qc2 Nbd7 8. h3 a6 9. Bd3 dxc4 10. Bxc4 b5 11. Be2 Bb7 12. 0-0 c5 13. dxc5 Nxc5 14. Rfd1 Qb6 1/2-1/2

[Event "Oberliga Nord W 0203"]
[Site "Germany"]
[Date "2003.01.26"]
[Round "5.5"]
[White "Sadewasser, Axel"]
[Black "Dornieden, Manfred"]
[Result "1/2-1/2"]
[WhiteElo "2230"]
[BlackElo "2300"]
[PlyCount "40"]
[EventDate "2002.10.20"]
[EventType "team"]
[EventRounds "9"]
[EventCountry "GER"]
[SourceTitle "EXT 2004"]
[Source "ChessBase"]
[SourceDate "2003.11.25"]
[SourceVersion "1"]
[SourceVersionDate "2003.11.25"]
[SourceQuality "1"]
[WhiteTeam "Hannover Post"]
[BlackTeam "Delmenhorst"]
[WhiteTeamCountry "GER"]
[BlackTeamCountry "GER"]

1. d4 d6 2. c4 e5 3. e3 Nc6 4. Nc3 g6 5. Nf3 Bg7 6. Be2 Nh6 7. 0-0 0-0 8. b3 Bg4 9. h3 Bxf3 10. Bxf3 Nf5 11. Bxc6 exd4 12. Bxb7 Rb8 13. exd4 Bxd4 14. Be4 Bxc3 15. Rb1 Qf6 16. Qf3 Nd4 17. Qxf6 Ne2+ 18. Kh1 Bxf6 19. Bd2 Nc3 20. Bxc3 Bxc3 1/2-1/2

[Event "BL2-Nord 0304"]
[Site "Germany"]
[Date "2003.??.??"]
[Round "?.6"]
[White "Neumeier, Lars"]
[Black "Sadewasser, Axel"]
[Result "1/2-1/2"]
[WhiteElo "2290"]
[BlackElo "2235"]
[PlyCount "74"]
[EventDate "2003.10.??"]
[EventType "team-tourn"]
[EventRounds "9"]
[EventCountry "GER"]
[SourceTitle "CBM 100 Extra"]
[Source "ChessBase"]
[SourceDate "2004.07.06"]
[SourceVersion "2"]
[SourceVersionDate "2004.07.06"]
[SourceQuality "1"]
[WhiteTeam "Berlin Rotation"]
[BlackTeam "Hannover Post"]
[WhiteTeamCountry "GER"]
[BlackTeamCountry "GER"]

1. Nf3 Nf6 2. c4 g6 3. d4 Bg7 4. Nc3 0-0 5. e4 d6 6. h3 e5 7. dxe5 dxe5 8. Be3 Qe7 9. Be2 Na6 10. 0-0 c6 11. Qc2 Nh5 12. Rfd1 Nc7 13. a3 Ne6 14. b4 Nhf4 15. Bf1 Qf6 16. Ne1 Nd4 17. Bxd4 exd4 18. Ne2 Nxe2+ 19. Bxe2 a5 20. Bd3 Re8 21. Qd2 b6 22. Nc2 axb4 23. axb4 Rxa1 24. Rxa1 c5 25. Ra7 Qd6 26. bxc5 bxc5 27. Na3 Qb6 28. Nb5 Bb7 29. Rxb7 Qxb7 30. Nd6 Qe7 31. Nxe8 Qxe8 32. Qa5 Qe5 33. Qd2 g5 34. g3 Bh6 35. Qa5 Bf8 36. Qb6 Bd6 37. Qc6 Kg7 1/2-1/2

[Event "Oberliga Nord W 0203"]
[Site "Germany"]
[Date "2002.11.17"]
[Round "2.5"]
[White "Sadewasser, Axel"]
[Black "Pape, Joerg"]
[Result "1-0"]
[WhiteElo "2230"]
[BlackElo "2256"]
[PlyCount "125"]
[EventDate "2002.10.20"]
[EventType "team"]
[EventRounds "9"]
[EventCountry "GER"]
[SourceTitle "EXT 2004"]
[Source "ChessBase"]
[SourceDate "2003.11.25"]
[SourceVersion "1"]
[SourceVersionDate "2003.11.25"]
[SourceQuality "1"]
[WhiteTeam "Hannover Post"]
[BlackTeam "Hameln"]
[WhiteTeamCountry "GER"]
[BlackTeamCountry "GER"]

1. d4 Nf6 2. Bg5 d6 3. Bxf6 gxf6 4. e3 e5 5. Ne2 Bg4 6. h3 Bh5 7. g4 Bg6 8. Ng3 Nc6 9. c3 Qd7 10. Bb5 a6 11. Bd3 d5 12. Bf5 Qd6 13. Nd2 Bh6 14. Qb3 exd4 15. cxd4 0-0 16. 0-0-0 b5 17. h4 Ne7 18. Bxg6 hxg6 19. h5 g5 20. Qd3 Qd7 21. f3 c5 22. dxc5 Qc7 23. Rhg1 Qxc5+ 24. Kb1 Rac8 25. Nb3 Qb4 26. Nd4 Rfd8 27. Ngf5 Nxf5 28. Nxf5 Bf8 29. Qd4 Qxd4 30. Rxd4 Bc5 31. Rd3 Re8 32. Rc1 Bb4 33. Rxc8 Rxc8 34. a3 Bf8 35. Rxd5 Rb8 36. Rd7 a5 37. Nd6 Bxd6 38. Rxd6 Kg7 39. Rd5 a4 40. Kc2 b4 41. axb4 Rxb4 42. Rd4 Rb3 43. Rxa4 Rxe3 44. Ra3 Re2+ 45. Kc1 Rf2 46. Rd3 f5 47. gxf5 Kf6 48. b4 Kxf5 49. b5 Rh2 50. b6 Rxh5 51. Rd8 Rh1+ 52. Kc2 Rh2+ 53. Kc3 Rh6 54. b7 Rb6 55. b8Q Rxb8 56. Rxb8 Kf4 57. Rf8 Kxf3 58. Rxf7+ Kg3 59. Kd3 g4 60. Ke2 Kg2 61. Rg7 g3 62. Ke3 Kh1 63. Rxg3 1-0

[Event "Oberliga Nord W 0203"]
[Site "Germany"]
[Date "2002.10.20"]
[Round "1.6"]
[White "Sadewasser, Axel"]
[Black "Streich, Gerhard"]
[Result "1/2-1/2"]
[WhiteElo "2230"]
[BlackElo "2182"]
[PlyCount "48"]
[EventDate "2002.10.20"]
[EventType "team"]
[EventRounds "9"]
[EventCountry "GER"]
[SourceTitle "EXT 2004"]
[Source "ChessBase"]
[SourceDate "2003.11.25"]
[SourceVersion "1"]
[SourceVersionDate "2003.11.25"]
[SourceQuality "1"]
[WhiteTeam "Hannover Post"]
[BlackTeam "Hannover SF"]
[WhiteTeamCountry "GER"]
[BlackTeamCountry "GER"]

1. d4 e6 2. Nf3 b6 3. e4 Bb7 4. Bd3 c5 5. d5 exd5 6. exd5 Bxd5 7. Bxh7 Nf6 8. Bd3 Qe7+ 9. Kf1 Qd6 10. Nc3 Be7 11. Nxd5 Qxd5 12. Bg5 Nc6 13. Qe2 Kf8 14. Bc4 Qf5 15. Rd1 Nd4 16. Nxd4 Qxg5 17. Nf3 Qf4 18. g3 Qf5 19. h4 d5 20. Bd3 Qg4 21. Ne5 Qxe2+ 22. Bxe2 Bd6 23. Ng4 Nxg4 24. Bxg4 d4 1/2-1/2